000 00306nam a22001457a 4500
008 210310b ||||| |||| 00| 0 eng d
020 _a0942456106
041 _aeng
080 _26th
_a37
082 _a37
100 _a46
101 _aEDU
245 _aBecoming a Master
_cEllis,B.D
942 _2udc
_cBK
999 _c56196
_d56196